Ubahn-Stationen München - Statistiken

Allgemein
  • Dieses Quiz wurde 700 mal gespielt
  • Das Durchschnittsergebnis liegt bei 70 aus 124
Antwortstatistiken
Linie Station % Korrekt
U1/U2/U4/U5 Hauptbahnhof
93%
U3/U6 Marienplatz
90%
U1/U2/U3/U6 Sendlinger Tor
88%
U3/U4/U5/U6 Odeonsplatz
87%
U4/U5 Karlsplatz (Stachus)
81%
U1/U3 | U1/U3 Olympia-Einkaufszentrum
81%
U3/U6 Universität
81%
U3/U6 Münchner Freiheit
79%
U6 Garching
78%
U2 Messestadt Ost
75%
U4/U5 Theresienwiese
75%
U3 Moosach
73%
U6 Fröttmaning
72%
U6 Garching-Forschungszentrum
72%
U3 Olympiazentrum
71%
U5 Ostbahnhof
70%
U3/U6 Giselastraße
69%
U2 Feldmoching
68%
U6 Klinikum Großhadern
68%
U2 Messestadt West
66%
U5 Laimer Platz
65%
U3/U6 Poccistraße
65%
U6 Studentenstadt
65%
U3/U6 Goetheplatz
64%
U4 Arabellapark
63%
U3 Fürstenried West
63%
U2 Giesing
63%
U2 Königsplatz
63%
U6 Harras
62%
U2/U3 Scheidplatz
61%
U4/U5 Lehel
60%
U5 Neuperlach Süd
60%
U3 Thalkirchen (Tierpark)
60%
U1/U2 Fraunhoferstraße
58%
U1/U2 Kolumbusplatz
57%
U1 Mangfallplatz
57%
U6 Großhadern
56%
U3/U6 Implerstraße
56%
U6 Nordfriedhof
55%
U6 Freimann
54%
U1 Rotkreuzplatz
54%
U2/U5 Innsbrucker Ring
53%
U4/U5 Max-Weber-Platz
53%
U2 Theresienstraße
53%
U2 Trudering
52%
U1 Westfriedhof
52%
U6 Alte Heide
51%
U2 Josephsplatz
50%
U4/U5 Schwanthalerhöhe
50%
U2 Frankfurter Ring
49%
U2 Hasenbergl
49%
U6 Kieferngarten
49%
U3 Bonner Platz
48%
U6 Garching-Hochbrück
47%
U5 Neuperlach Zentrum
47%
U3 Petuelring
47%
U3 Brudermühlstraße
46%
U2 Silberhornstraße
45%
U2 Am Hart
44%
U1 Gern
44%
U2 Hohenzollernplatz
44%
U1 Stiglmaierplatz
44%
U2 Milbertshofen
43%
U1 Candidplatz
41%
U6 Haderner Stern
41%
U5 Michaelibad
41%
U3 Oberwiesenfeld
41%
U4/U5 Westendstraße
41%
U6 Westpark
41%
U6 Dietlindenstraße
40%
U4/U5 Heimeranplatz
40%
U1 Maillingerstraße
40%
U3 Obersendling
39%
U3 Aidenbachstraße
38%
U6 Holzapfelkreuth
38%
U1 Wettersteinplatz
38%
U2 Harthof
37%
U1 St.-Quirin-Platz
36%
U3 Moosacher St.-Martins-Platz
35%
U4 Prinzregentenplatz
35%
U5 Quiddestraße
35%
U2 Untersbergstraße
34%
U3 Forstenrieder Allee
33%
U1 Georg-Brauchle-Ring
33%
U2 Josephsburg
33%
U2 Moosfeld
33%
U2 Karl-Preis-Platz
32%
U2 Dülferstraße
30%
U6 Partnachplatz
30%
U3 Basler Straße
29%
U3 Machtlfinger Straße
29%
U2 Kreillerstraße
28%
U4 Richard-Strauss-Straße
25%
U4 Böhmerwaldplatz
24%
U5 Therese-Giehse-Allee
23%
U5 Friedenheimer Straße
22%
Keine übereinstimmenden Quizze gefunden
Verteilung der Resultate
Anzahl Personen mit jedem Resultat
Perzentil nach korrekt beantworteten Fragen
Ihre Resultats-Entwicklung
Sie haben dieses Quiz noch nicht gespielt